UBT Library

Taking Sides: Clashing Views on Controversial Legal Issues (Record no. 52080)

000 -LEADER
fixed length control field 00325nam a22001337a 4500
008 - FIXED-LENGTH DATA ELEMENTS--GENERAL INFORMATION
fixed length control field 181107b xxu||||| |||| 00| 0 eng d
020 ## - INTERNATIONAL STANDARD BOOK NUMBER
International Standard Book Number 0879674288
041 ## - LANGUAGE CODE
Language code of text/sound track or separate title eng
080 ## - UNIVERSAL DECIMAL CLASSIFICATION NUMBER
Universal Decimal Classification number 330
100 ## - Rafti
Rafti 52
101 ## - Shkurtesa
Shkurtesa EKO
245 ## - TITLE STATEMENT
Title Taking Sides: Clashing Views on Controversial Legal Issues
Statement of responsibility, etc Katsh,M.E
942 ## - ADDED ENTRY ELEMENTS (KOHA)
Source of classification or shelving scheme
Item type Books
Holdings
Withdrawn status Lost status Source of classification or shelving scheme Damaged status Not for loan Collection code Permanent location Current location Shelving location Date acquired Total Checkouts Full call number Barcode Date last seen Price effective from Koha item type
          Koleksioni i përgjithshem UBT - Lipjan UBT - Lipjan Koleksioni i përgjithshem 11/07/2018   330 KAT 002-3018035 11/07/2018 11/07/2018 Books
UBT Library © 2015-2024. All rights reserved University Education for Business and Technology